000 00360nam a2200145Ia 4500
008 230917s9999||||xx |||||||||||||| ||und||
040 _e112971
_aMAIN
041 _aEnglish
082 _a005.133 D152I
100 _aDale, Nell
245 0 _aIntroduction to java and software design
260 _aNew Delhi
_bNarosa
_c2001
300 _a771p p.
942 _cBK
999 _c135798
_d135798